Fear, unrest and anxiety of adolescents / (Record no. 63970)

MARC details
000 -LEADER
fixed length control field 00563nam a22001577a 4500
005 - DATE AND TIME OF LATEST TRANSACTION
control field 20120312121513.0
020 ## - INTERNATIONAL STANDARD BOOK NUMBER
International Standard Book Number 8171414362
Terms of availability 00.00
035 ## - SYSTEM CONTROL NUMBER
System control number A-945478
037 ## - SOURCE OF ACQUISITION
Stock number DPL
Source of stock number/acquisition ENG
100 ## - MAIN ENTRY--PERSONAL NAME
Personal name Rayalu, T. Romala
245 ## - TITLE STATEMENT
Title Fear, unrest and anxiety of adolescents /
Statement of responsibility, etc by T. Romala Rayalu
260 ## - PUBLICATION, DISTRIBUTION, ETC. (IMPRINT)
Place of publication, distribution, etc New Delhi
Name of publisher, distributor, etc Discovery Publishing House
Date of publication, distribution, etc 1998
300 ## - PHYSICAL DESCRIPTION
Extent 138p.
Dimensions 18 cms.
942 ## - ADDED ENTRY ELEMENTS (KOHA)
Source of classification or shelving scheme Dewey Decimal Classification
Item type English Books
Classification part 155.5
Call number suffix RAY
Holdings
Withdrawn status Lost status Not for loan Collection code Home library Current library Date acquired Cost, normal purchase price Full call number Barcode Cost, replacement price Koha item type
      Non-fiction Sarojini Nagar Sarojini Nagar 12/03/2012 0.00 155.5 RAY A-945478 0.00 English Books

© Delhi Public Library
Hit Counter
free hit counter